000
00402nam a22001217a 4500
003
SGT
082
_a
920
_b
M18T
100
_a
थानकी, ज्योति
245
_a
महायोगी श्री अरविन्द :जीवन , कार्य
260
_b
श्री अरविन्द सोसाइटी प्रकाशन
_c
2018
300
_a
527
942
_2
ddc
_c
BK
999
_c
31965
_d
31965